00717nam a22001937a 450000500170000001000150001702000260003203500140005803700130007208200120008510000230009724500500012026000670017027000750023730000320031294200260034499900190037095201340038920231110143547.0 aENG-138356 a9789357053273c599.00 aEN-121888 bDBAD/PUB a306.461 aClement, I.958546 aSociology for Nurses/hEnglishcBy I. Clement aUttar PradeshbPearson India Education Services Pvt. Ltdc2024 a1st Floor, Berger Tower, Plot No. C-001 A/2, Sector 16BbNoidae201301 axi, 494p.bIndexc23cm(pbk) 2ddccENmCLEh306.461 c199055d199055 001040708NFICaBNbBNd2023-11-10eDBAD/PUBg599.00l0oCLE 306.461pEN-121888r2023-11-10 00:00:00t1v599.00w2023-11-10yEN